Europejska Geografia na literę S - 1 - Statystyki

Ogólne statystyki
  • Ten quiz został rozwiązany 121 razy
  • Średni wynik to 11 z 15
Statystyki odpowiedzi
Wskazówka Odpowiedź % Poprawnych
Najbardziej popularne miasto w Skandynawii Sztokholm
96%
Państwo które do 1992 było połączone z Czechami Słowacja
94%
Niewielkie miasto otoczone przez Włochy San Marino
93%
Największa wyspa Włoch Sycylia
91%
Państwo słynące z neutralności politycznej oraz z najlepszych zegarków Szwajcaria
89%
Rosyjskie miasto, w którym w 2010 roku do szło do katastrofy polskiego samolotu Smoleńsk
88%
Część składowa WIelkiej Brytanii Szkocja
88%
Stolica Macedonii Północnej Skopje
85%
Łańcuch górski, znajdujący się w Polsce, Czechach oraz Niemczech Sudety
79%
Stare nazwy tego miasta to Bizancjum oraz Konstantynopol Stambuł
75%
Rzeka płynąca przez Ukrainę oraz Polskę (np. Leżajsk), południowo-wschodni dopływ Wisły San
70%
Starożytny rywal Aten Sparta
67%
Drugie największe miasto Chorwacji Split
64%
Sycylijskie miasto, które było domem Archimedesa Syrakuzy
30%
Najdłuższa rzeka Wielkiej Brytanii Severn
28%
Nie znaleziono quizów pasujących do podanych kryteriów
Rozkład punktacji
Procent ludzi z każdym wynikiem
Percentyl według liczby udzielonych odpowiedzi
Twoja historia wyników
Nie rozwiązałeś tego quizu